Word Vocabulary - FL - Statistics

General Stats
  • This quiz has been taken 764 times
    731 since last reset
  • The average score is 42 of 71
Answer Stats
word % Correct
flu
97%
flam
96%
flan
96%
flow
93%
flat
91%
flap
90%
flee
90%
flag
89%
flip
88%
fly
87%
flab
86%
flop
86%
flame
85%
floor
85%
flaw
84%
flack
81%
flak
81%
flic
80%
flew
77%
flare
76%
flea
74%
flay
73%
fled
73%
flick
73%
flake
70%
flash
69%
fleet
68%
flit
67%
floc
66%
flood
66%
flute
66%
float
64%
flock
63%
flair
60%
flask
59%
flax
59%
flog
57%
flank
56%
flint
56%
fling
55%
flight
54%
flirt
54%
floss
54%
flue
54%
fleece
53%
flail
51%
fleck
51%
flesh
49%
fluff
49%
flush
49%
flown
48%
flour
46%
flub
45%
flume
45%
fluke
44%
floe
41%
flung
40%
flunk
39%
flange
35%
flout
35%
flex
32%
flux
31%
flaunt
28%
fledge
28%
flump
23%
fletch
19%
flinch
19%
flitch
7%
flounce
6%
flense
5%
fleche
3%
No matching quizzes found
Score Distribution
Percent of People with Each Score
Percentile by Number Answered
Your Score History
You have not taken this quiz since the last reset